| 000 | 00675nam a22002057a 4500 | ||
|---|---|---|---|
| 003 | 0 | ||
| 005 | 20250915152226.0 | ||
| 008 | 250915b xxu||||| |||| 00| 0 eng d | ||
| 020 | _a978-981-12-9747-2 | ||
| 050 |
_aQA 278.5 _b.R65 2025 |
||
| 100 |
_aRokach, Lior, _eauthor. |
||
| 245 |
_aCluster analysis : _ba primer using R / _cLior Rokach. |
||
| 260 |
_aSingapore : _bWorld Scientific Publishing Co. Pte. Ltd., _c2025. |
||
| 300 |
_axix, 282 pages : _billustrations ; _c24 cm. |
||
| 504 | _aIncludes bibliographical references and index. | ||
| 650 | _aCluster analysis. | ||
| 650 | _aMultivariate analysis. | ||
| 650 | _aR (Computer program language). | ||
| 942 |
_2lcc _cBK |
||
| 999 |
_c367959 _d367959 |
||